Methods of test for vulcanized rubbers. Part XVIII. Stiffness at low temperature. (Gehman test) (Record no. 73691)

MARC details
000 -LEADER
fixed length control field 00432nam a2200145Ia 4500
245 #0 - TITLE STATEMENT
Title Methods of test for vulcanized rubbers. Part XVIII. Stiffness at low temperature. (Gehman test)
260 ## - PUBLICATION, DISTRIBUTION, ETC. (IMPRINT)
Year of publication 1976
500 ## - GENERAL NOTE
General note Standard number: IS 3400 Part XVIII
650 ## - SUBJECT ADDED ENTRY--TOPICAL TERM
Topical Term Gehman test
650 ## - SUBJECT ADDED ENTRY--TOPICAL TERM
Topical Term Low temperature
650 ## - SUBJECT ADDED ENTRY--TOPICAL TERM
Topical Term Stiffness
650 ## - SUBJECT ADDED ENTRY--TOPICAL TERM
Topical Term Vulcanized rubber
942 ## - ADDED ENTRY ELEMENTS (KOHA)
Koha item type Standards
Holdings
Withdrawn status Lost status Damaged status Not for loan Collection code Home library Current library Date acquired Koha item type
      Standards Indian standards RRII Library RRII Library 31/12/2021 Standards